[Event "Reykjavik Open 2018"]
[Site "Reykjavik ISL"]
[Date "2018.03.11"]
[Round "6.99"]
[White "Sigurdsson, Baldur Heidar"]
[Black "Bjarnason, Olafur"]
[Result "0-1"]
[WhiteElo "1540"]
[BlackElo "1826"]
[WhiteFideId "2313766"]
[BlackFideId "2316501"]
[EventDate "2018.03.06"]

1. e4 c5 2. c3 d6 3. d4 cxd4 4. cxd4 g6 5. Bc4 Bg7 6. Nf3 a6 7. O-O e6 8. Bg5
Ne7 9. Nc3 b5 10. Bb3 O-O 11. Qd2 Bb7 12. d5 e5 13. Rac1 Nd7 14. a3 f6 15. Be3
Rc8 16. Na2 f5 17. Ng5 f4 18. Ne6 fxe3 19. Qxe3 Qe8 20. Nxf8 Qxf8 21. Nb4 Rxc1
22. Rxc1 Bh6 23. Qc3 Bxc1 24. Qxc1 Nc5 25. Qc2 Qf4 26. Nc6 Nc8 27. Ba2 Qxe4 28.
Qxe4 Nxe4 29. f3 Nf6 30. Kf2 Nb6 0-1

[Event "Reykjavik Open 2018"]
[Site "Reykjavik ISL"]
[Date "2018.03.11"]
[Round "6.100"]
[White "Pedersen, Soren Sandmann"]
[Black "Morgan, George"]
[Result "1-0"]
[WhiteElo "1794"]
[BlackElo "1536"]
[WhiteFideId "30929717"]
[BlackFideId "3227340"]
[EventDate "2018.03.06"]

1. d4 Nf6 2. c4 e6 3. Nc3 Bb4 4. e3 O-O 5. a3 Bxc3+ 6. bxc3 b6 7. Bd3 Bb7 8. f3
Nh5 9. Ne2 f5 10. O-O d6 11. Nf4 Nxf4 12. exf4 Qf6 13. Re1 Nd7 14. Ra2 Rfe8 15.
Rae2 e5 16. c5 e4 17. cxd6 Qxd6 18. fxe4 fxe4 19. Bxe4 Bxe4 20. Rxe4 Rxe4 21.
Rxe4 Nf6 22. Qb3+ Kh8 23. Re6 Qd5 24. Qxd5 Nxd5 25. c4 Nf6 26. Re7 Re8 27. Re5
c6 28. h3 Kg8 29. Kf2 Kf7 30. Kf3 g6 31. Bb2 Rd8 32. g4 Nd7 33. Re1 h6 34. Rd1
Nf6 35. d5 Ne8 36. Be5 Ke7 37. Ke4 Nd6+ 38. Bxd6+ Rxd6 39. Ke5 a6 40. a4 b5 41.
axb5 axb5 42. c5 Rd7 43. d6+ Kf7 44. Ra1 b4 45. Ra6 Rd8 1-0

[Event "Reykjavik Open 2018"]
[Site "Reykjavik ISL"]
[Date "2018.03.11"]
[Round "6.101"]
[White "Ontiveros, John"]
[Black "Gudmundsson, Gunnar Erik"]
[Result "0-1"]
[WhiteElo "1736"]
[BlackElo "1511"]
[WhiteFideId "2303981"]
[BlackFideId "2314339"]
[EventDate "2018.03.06"]

1. d4 Nf6 2. c4 e6 3. Nf3 b6 4. e3 Bb7 5. Be2 Be7 6. O-O O-O 7. Nc3 d5 8. Bd2 c5
9. Rc1 Nbd7 10. cxd5 Nxd5 11. a3 N7f6 12. Ne5 cxd4 13. exd4 Nxc3 14. Bxc3 Rc8
15. Bf3 Bxf3 16. Qxf3 Nd5 17. Bd2 Bf6 18. Qg3 Ne7 19. Rxc8 Qxc8 20. Rc1 Qd8 21.
Qc3 h6 22. Qc7 Qxd4 23. Bc3 Qf4 24. Re1 Nd5 25. g3 Nxc7 26. gxf4 Re8 27. Rc1 Nd5
28. Bd2 a5 29. Rc6 Rd8 30. Be1 Nxf4 0-1

[Event "Reykjavik Open 2018"]
[Site "Reykjavik ISL"]
[Date "2018.03.11"]
[Round "6.102"]
[White "Grymer-Hansen, Soren"]
[Black "Walker, Gordon J"]
[Result "0-1"]
[WhiteElo "1706"]
[BlackElo "1509"]
[WhiteFideId "1428543"]
[BlackFideId "2406497"]
[EventDate "2018.03.06"]

1. e4 e5 2. f4 Nc6 3. Nf3 Bc5 4. Bc4 exf4 5. d4 Bb6 6. Bxf4 d6 7. c3 h6 8. Nbd2
Bg4 9. O-O Nge7 10. Kh1 Qd7 11. Qe1 Ng6 12. Qg3 f5 13. exf5 Qxf5 14. Rae1+ Nce7
15. Bxd6 cxd6 16. Be6 Qxe6 17. Rxe6 Bxe6 18. Qxd6 Bf7 19. Ne4 O-O 20. Nfd2 Rad8
21. Qg3 Bd5 22. Rxf8+ Rxf8 23. h4 Rf4 24. Qe1 Rxh4+ 25. Kg1 Bc7 26. c4 Bh2+ 27.
Kf2 Rf4+ 28. Ke3 Nf5+ 29. Kd3 Bxe4+ 30. Nxe4 Ngh4 31. d5 Nxg2 32. Qa5 Rf3+ 33.
Ke2 Re3+ 34. Kf2 Ngh4 35. Qd8+ Kh7 36. Qe8 Bg3+ 37. Kf1 Re1# 0-1

[Event "Reykjavik Open 2018"]
[Site "Reykjavik ISL"]
[Date "2018.03.11"]
[Round "6.103"]
[White "Signyjarson, Arnar Smari"]
[Black "Thorsson, Pall"]
[Result "1-0"]
[WhiteElo "1351"]
[BlackElo "1693"]
[WhiteFideId "2316340"]
[BlackFideId "2304406"]
[EventDate "2018.03.06"]

1. e4 d6 2. d3 c5 3. g3 Nc6 4. Nd2 Nf6 5. Ngf3 e5 6. Bg2 Be7 7. O-O Bg4 8. c3
Qd7 9. Re1 h5 10. h4 g5 11. Qb3 gxh4 12. Nxh4 Nh7 13. Ndf3 Rg8 14. Kh2 Be6 15.
Qc2 Ng5 16. Nxg5 Bxg5 17. Bxg5 Rxg5 18. Nf3 Rg7 19. Qd2 O-O-O 20. Ng5 Bg4 21. f3
Be6 22. Nxe6 fxe6 23. Bh3 Rdg8 24. Rg1 Rg6 25. f4 h4 26. gxh4 exf4 27. Rxg6 Rxg6
28. Qxf4 Ne5 29. h5 Rg8 30. Qf6 Ng4+ 31. Bxg4 Rxg4 32. Rg1 Rxg1 33. Kxg1 Qb5 34.
Qxe6+ Kc7 35. e5 d5 36. Qd6+ Kc8 37. e6 Qe8 38. Qd7+ Qxd7 39. exd7+ Kxd7 1-0

[Event "Reykjavik Open 2018"]
[Site "Reykjavik ISL"]
[Date "2018.03.11"]
[Round "6.104"]
[White "Stefansson, Benedikt"]
[Black "Kurt, Herbert"]
[Result "0-1"]
[WhiteElo "1297"]
[BlackElo "1682"]
[WhiteFideId "2312379"]
[BlackFideId "16232526"]
[EventDate "2018.03.06"]

1. d4 f5 2. g3 Nf6 3. Bg2 g6 4. c4 Bg7 5. Nc3 O-O 6. Qb3 c6 7. e3 Kh8 8. Nf3 d6
9. O-O Qe8 10. Qc2 Nbd7 11. b3 e5 12. Ba3 e4 13. Bxd6 exf3 14. Bxf8 fxg2 15.
Bxg7+ Kxg7 16. Kxg2 Qe6 17. Rfe1 Ne4 18. d5 Qe7 19. d6 Nxd6 20. e4 f4 21. Qd2
fxg3 22. hxg3 Kg8 23. Rad1 Nf7 24. f4 Nf8 25. Qd4 Bg4 26. Rd2 Qb4 27. Qe3 a5 28.
e5 Ne6 29. Ne4 Bf5 30. Nf6+ Kg7 31. g4 Nh6 32. Rd7+ Kf8 33. Nxh7+ Kg8 34. Nf6+
Kf8 35. Qh3 Nxf4+ 0-1

[Event "Reykjavik Open 2018"]
[Site "Reykjavik ISL"]
[Date "2018.03.11"]
[Round "6.105"]
[White "Steingrimsson, Karl Egill"]
[Black "Magnusson, Thorsteinn"]
[Result "1/2-1/2"]
[WhiteElo "1659"]
[BlackElo "1435"]
[WhiteFideId "2304791"]
[BlackFideId "2310287"]
[EventDate "2018.03.06"]

1. Nf3 d5 2. d4 Bf5 3. c3 c5 4. dxc5 e6 5. Nd4 Bxb1 6. Rxb1 Bxc5 7. Nf3 Nc6 8.
e3 Nf6 9. Be2 O-O 10. O-O Ne4 11. Nd4 Bd6 12. g3 Qg5 13. Bf3 Ne5 14. Bg2 Qg6 15.
Ra1 Ng4 16. Bxe4 dxe4 17. h3 Ne5 18. Kg2 h5 19. Ne2 h4 20. Qxd6 Qf6 21. Nd4 Rfd8
22. Qb4 Rxd4 23. Qxd4 Qf3+ 24. Kg1 Nd3 25. Qd6 e5 26. Qe7 hxg3 27. fxg3 Qxg3+
28. Kh1 Qxh3+ 29. Kg1 Qg3+ 30. Kh1 Qh3+ 31. Kg1 Qg3+ 1/2-1/2

[Event "Reykjavik Open 2018"]
[Site "Reykjavik ISL"]
[Date "2018.03.11"]
[Round "6.106"]
[White "Gardarsson, Hordur"]
[Black "Karlsson, Isak Orri"]
[Result "1/2-1/2"]
[WhiteElo "1647"]
[BlackElo "1288"]
[WhiteFideId "2303604"]
[BlackFideId "2312530"]
[EventDate "2018.03.06"]

1. d4 f5 2. g3 Nf6 3. Bg2 g6 4. c4 Bg7 5. Nf3 d6 6. O-O O-O 7. Nc3 Be6 8. Qb3
Qc8 9. Ng5 c6 10. Nxe6 Qxe6 11. Qxb7 Nbd7 12. d5 cxd5 13. cxd5 Qf7 14. Qb3 Nc5
15. Qc2 Rac8 16. Be3 Nce4 17. Qd3 Nxc3 18. bxc3 a6 19. Bd4 Bh6 20. c4 Nd7 21. e3
Ne5 22. Qa3 a5 23. c5 Nc4 24. Qd3 dxc5 25. Bc3 Nd6 26. Bxa5 c4 27. Qc2 Nb5 28.
a4 Nd6 29. Bc3 Bg7 30. Ra3 Bxc3 31. Rxc3 Ra8 32. Rd1 h5 33. h4 Qf6 34. Rd4 Ra7
35. Bf1 Rfa8 36. Bxc4 Rxa4 37. Rf4 Rc8 38. Rd4 Ra1+ 39. Kg2 Qe5 40. Be2 1/2-1/2

[Event "Reykjavik Open 2018"]
[Site "Reykjavik ISL"]
[Date "2018.03.11"]
[Round "6.107"]
[White "Hjaltason, Elvar Orn"]
[Black "Fjallheim, Benjamin Reinert"]
[Result "1/2-1/2"]
[WhiteElo "1639"]
[BlackElo "1293"]
[WhiteFideId "2315084"]
[BlackFideId "7202008"]
[EventDate "2018.03.06"]

1. e4 e5 2. Nf3 Nc6 3. d4 exd4 4. Nxd4 Nxd4 5. Qxd4 Ne7 6. Bc4 Nc6 7. Qd5 Qf6 8.
O-O Nb4 9. Qd1 Bc5 10. e5 Qc6 11. Bd3 d6 12. Bf4 Nxd3 13. cxd3 Bd4 14. exd6 cxd6
15. Nc3 Bxc3 16. bxc3 O-O 17. Qd2 Re8 18. d4 Bf5 19. Rfe1 d5 20. Re5 Rxe5 21.
Bxe5 Rc8 22. Rc1 f6 23. Bg3 Qc4 24. Qf4 Bg6 25. Qd6 Bf7 26. Qa3 a6 27. Qb3 Qc6
28. f3 Re8 29. Re1 Rxe1+ 30. Bxe1 Qb5 31. Qxb5 axb5 32. Kf2 Be6 33. Bd2 Kf7 34.
Bc1 g5 35. f4 h6 36. Ke2 Kg6 37. g3 Bf5 38. Be3 g4 39. Kd2 h5 40. Kc1 Bd7 41.
Kd2 f5 42. Kc2 Bc6 43. Kb3 Kf6 44. Kb4 Ke6 45. Kc5 Kd7 46. Kb6 Kc8 47. Bc1 Kd7
48. Ba3 Kc8 49. Bb4 Kd7 50. Kc5 Ke6 51. Kb6 Kd7 52. Kc5 Ke6 53. Ba5 Kd7 54. Kb4
Kd6 55. Kb3 Kd7 56. Kc2 Ke6 57. Kd2 Kd7 58. Ke2 Ke6 59. Kf2 Kd7 60. Kg2 Ke6 61.
h3 Kd7 62. Bb4 Ke6 63. Kh2 Kf7 64. h4 1/2-1/2

[Event "Reykjavik Open 2018"]
[Site "Reykjavik ISL"]
[Date "2018.03.11"]
[Round "6.109"]
[White "Kreken, Eivind Grunt"]
[Black "Gunnarsson, Baltasar Mani Wedhol"]
[Result "1-0"]
[WhiteElo "1612"]
[BlackElo "1270"]
[WhiteFideId "1532359"]
[BlackFideId "2311917"]
[EventDate "2018.03.06"]

1. e4 e5 2. Nc3 Nf6 3. Bc4 Bc5 4. d3 h6 5. f4 d6 6. Na4 Bxg1 7. Rxg1 a6 8. Nc3
Nc6 9. f5 Bd7 10. Be3 Qe7 11. a3 O-O-O 12. Qe2 Rdf8 13. h3 Kb8 14. g4 Nh7 15.
Qf2 Ng5 16. Nd5 Qd8 17. Qg3 Nh7 18. b4 f6 19. a4 Ne7 20. Nxe7 Qxe7 21. b5 a5 22.
b6 cxb6 23. c3 b5 24. Bxb5 Bxb5 25. axb5 Qc7 26. c4 b6 27. Qf2 Ka7 28. Rxa5+ Kb7
29. Ra6 Kc8 30. Bxb6 Qf7 31. Ra8+ 1-0

[Event "Reykjavik Open 2018"]
[Site "Reykjavik ISL"]
[Date "2018.03.11"]
[Round "6.110"]
[White "Mancini, Pietro"]
[Black "Henderson, S E"]
[Result "0-1"]
[WhiteElo "1020"]
[BlackElo "1582"]
[WhiteFideId "2854541"]
[BlackFideId "2081679"]
[EventDate "2018.03.06"]

1. d4 Nf6 2. Nf3 e6 3. Bf4 d5 4. Nbd2 Nbd7 5. e3 Be7 6. Bd3 O-O 7. O-O c5 8. c4
cxd4 9. exd4 b6 10. cxd5 Nxd5 11. Bg3 Bb7 12. Rc1 Rc8 13. Qe2 N7f6 14. a3 Bd6
15. Rxc8 Bxc8 16. Ba6 Qc7 17. Bxd6 Qxd6 18. Rc1 Bd7 19. Ne4 Qf4 20. Nxf6+ Nxf6
21. Qe3 Qd6 22. Qe5 Qd5 23. Rc7 Qb3 24. Qd6 Qd1+ 25. Bf1 Bb5 26. Nd2 Ne4 27. Qb4
a6 0-1

[Event "Reykjavik Open 2018"]
[Site "Reykjavik ISL"]
[Date "2018.03.11"]
[Round "6.111"]
[White "Kvamme, Ingrid Jodre"]
[Black "Steinthorsson, Birgir Logi"]
[Result "1/2-1/2"]
[WhiteElo "1576"]
[BlackElo "1062"]
[WhiteFideId "1516981"]
[BlackFideId "2312093"]
[EventDate "2018.03.06"]

1. Nf3 d5 2. g3 Nf6 3. Bg2 Bf5 4. O-O e6 5. d3 Bd6 6. c4 c6 7. b3 O-O 8. Bb2
Nbd7 9. e4 Bg4 10. Re1 Re8 11. e5 Bb4 12. exf6 Bxe1 13. Qxe1 Nxf6 14. Nc3 dxc4
15. dxc4 Qd3 16. Ne5 Qc2 17. Nxg4 Nxg4 18. Rb1 Rad8 19. Ne4 Rd7 20. h3 f5 21.
Nc5 Rd2 22. hxg4 Rxf2 23. Qxf2 Qxb1+ 24. Kh2 fxg4 25. Qd4 Qg6 26. Be4 Qh6+ 27.
Kg1 e5 28. Qd7 Qe3+ 29. Kh2 Qh6+ 30. Kg1 Qe3+ 31. Kh2 1/2-1/2

[Event "Reykjavik Open 2018"]
[Site "Reykjavik ISL"]
[Date "2018.03.11"]
[Round "6.112"]
[White "Moran, Darragh"]
[Black "Hestnes, Thomas Due"]
[Result "1-0"]
[WhiteElo "1755"]
[BlackElo "1425"]
[WhiteFideId "2510294"]
[BlackFideId "1542281"]
[EventDate "2018.03.06"]

1. e4 d5 2. exd5 Nf6 3. d4 Bg4 4. Nf3 Qxd5 5. Be2 Nc6 6. Nc3 Qh5 7. O-O O-O-O 8.
h3 e5 9. d5 h6 10. hxg4 Nxg4 11. Nh4 Qxh4 12. Bxg4+ Kb8 13. g3 Qe7 14. Be3 h5
15. Bf3 f5 16. Qe2 h4 17. dxc6 hxg3 18. Qb5 gxf2+ 19. Rxf2 1-0

[Event "Reykjavik Open 2018"]
[Site "Reykjavik ISL"]
[Date "2018.03.12"]
[Round "7.1"]
[White "Rapport, Richard"]
[Black "Lenderman, Aleksandr"]
[Result "1-0"]
[WhiteTitle "GM"]
[BlackTitle "GM"]
[WhiteElo "2715"]
[BlackElo "2600"]
[WhiteFideId "738590"]
[BlackFideId "2021285"]
[EventDate "2018.03.06"]

1. Nf3 c5 2. e4 e6 3. c3 Nf6 4. Bd3 Nc6 5. O-O d5 6. e5 Nd7 7. Bb5 a6 8. Bxc6
bxc6 9. d3 Be7 10. Re1 O-O 11. c4 f6 12. exf6 Bxf6 13. Nc3 Nb6 14. Na4 Nxa4 15.
Qxa4 Qd6 16. cxd5 cxd5 17. Bf4 Qb6 18. Re2 Be7 19. Be5 Qb5 20. Qg4 Rf7 21. Rd1
Bf8 22. Qh3 Be7 23. Qg3 d4 24. h4 h6 25. Nh2 h5 26. Qg6 c4 27. dxc4 Qxc4 28. Rc2
Qd5 29. Nf3 Bb7 30. Rxd4 Qxa2 31. Rc7 Qa1+ 32. Kh2 Bxf3 33. Rf4 Raf8 34. Rc8 Rf6
35. Rxf6 Bxf6 36. Bxf6 Rxc8 37. Qxg7# 1-0

[Event "Reykjavik Open 2018"]
[Site "Reykjavik ISL"]
[Date "2018.03.12"]
[Round "7.2"]
[White "Lagarde, Maxime"]
[Black "Adhiban, Baskaran"]
[Result "0-1"]
[WhiteTitle "GM"]
[BlackTitle "GM"]
[WhiteElo "2587"]
[BlackElo "2650"]
[WhiteFideId "662399"]
[BlackFideId "5018471"]
[EventDate "2018.03.06"]

1. e4 c6 2. d4 d5 3. e5 Bf5 4. h4 h5 5. Bd3 Bxd3 6. Qxd3 Qa5+ 7. Bd2 Qa6 8. e6
Qxd3 9. exf7+ Kxf7 10. cxd3 Nd7 11. Nh3 e5 12. Ng5+ Kg6 13. Nc3 exd4 14. Ne2 Re8
15. Kf1 Bd6 16. Nxd4 Nh6 17. Rh3 Rhf8 18. Nde6 Rf6 19. Re1 Nc5 20. Nxc5 Rxe1+
21. Bxe1 Bxc5 22. Rf3 Nf5 23. g3 Nd4 24. Rxf6+ gxf6 25. Nh3 Ne6 26. Bd2 Kf5 27.
Nf4 Nxf4 28. Bxf4 Bd4 29. b3 b5 30. Ke2 Kg4 31. Bb8 a6 32. Bc7 Bb2 33. Bd6 Bc1
34. Kd1 Bh6 35. Ke2 f5 36. f3+ Kh3 37. d4 Kg2 38. b4 Bc1 39. Bf4 Bxf4 40. gxf4
Kg3 0-1

[Event "Reykjavik Open 2018"]
[Site "Reykjavik ISL"]
[Date "2018.03.12"]
[Round "7.3"]
[White "Yilmaz, Mustafa"]
[Black "Nihal, Sarin"]
[Result "1/2-1/2"]
[WhiteTitle "GM"]
[BlackTitle "IM"]
[WhiteElo "2619"]
[BlackElo "2534"]
[WhiteFideId "6302718"]
[BlackFideId "25092340"]
[EventDate "2018.03.06"]

1. d4 Nf6 2. c4 e6 3. Nf3 d5 4. Nc3 c6 5. e3 Nbd7 6. Qc2 Bd6 7. Bd3 O-O 8. O-O
dxc4 9. Bxc4 b5 10. Be2 Bb7 11. Rd1 Qb8 12. e4 e5 13. dxe5 Nxe5 14. Nd4 Ng6 15.
g3 Re8 16. Bg5 Be5 17. Be3 b4 18. Na4 Nxe4 19. Nxc6 Qc7 20. Rac1 Nc3 21. Nxc3
bxc3 22. Nxe5 Qxe5 23. bxc3 Qe6 24. Qa4 Ne5 25. Qf4 h6 26. Rd2 g5 27. Qa4 Qh3
28. f3 Nxf3+ 29. Bxf3 Bxf3 30. Bd4 Re6 31. Qb5 Rae8 32. Qf1 Qh5 33. h3 g4 34.
Rh2 Qg5 35. hxg4 Qxg4 36. Qh3 Re1+ 37. Rxe1 Rxe1+ 38. Kf2 Re2+ 39. Kg1 Re1+ 40.
Kf2 Re2+ 41. Kg1 Re1+ 1/2-1/2

[Event "Reykjavik Open 2018"]
[Site "Reykjavik ISL"]
[Date "2018.03.12"]
[Round "7.4"]
[White "Abdusattorov, Nodirbek"]
[Black "Eljanov, Pavel"]
[Result "1/2-1/2"]
[WhiteTitle "IM"]
[BlackTitle "GM"]
[WhiteElo "2518"]
[BlackElo "2713"]
[WhiteFideId "14204118"]
[BlackFideId "14102951"]
[EventDate "2018.03.06"]

1. e4 e5 2. Nf3 Nc6 3. Bb5 g6 4. d4 exd4 5. Bg5 Be7 6. Bxe7 Qxe7 7. Bxc6 dxc6 8.
Qxd4 Nf6 9. Nc3 Bg4 10. Nd2 O-O 11. O-O Rad8 12. Qe3 b6 13. h3 Bc8 14. Rfe1 Bb7
15. Qh6 c5 16. Nf3 Rfe8 17. Ng5 Qf8 18. Qxf8+ Kxf8 19. e5 h6 20. Nxf7 Kxf7 21.
exf6 Rxe1+ 22. Rxe1 Kxf6 23. f3 Rd2 24. Re2 Rxe2 25. Nxe2 Bc8 26. Kf2 Bf5 27. c4
c6 28. Nc3 Bd3 29. b3 g5 30. Ke3 Bf1 31. Kf2 Bd3 32. Ke3 Bf1 33. Kf2 Bd3 34. Ke3 1/2-1/2

[Event "Reykjavik Open 2018"]
[Site "Reykjavik ISL"]
[Date "2018.03.12"]
[Round "7.6"]
[White "L'Ami, Erwin"]
[Black "Fernandez, Daniel Howard"]
[Result "0-1"]
[WhiteTitle "GM"]
[BlackTitle "GM"]
[WhiteElo "2634"]
[BlackElo "2505"]
[WhiteFideId "1007998"]
[BlackFideId "5801605"]
[EventDate "2018.03.06"]

1. d4 Nf6 2. Nf3 e6 3. Bf4 Be7 4. e3 Nh5 5. Bg3 f5 6. Nbd2 O-O 7. Bd3 d6 8. Qe2
Nd7 9. O-O-O c5 10. h3 Nxg3 11. fxg3 d5 12. dxc5 Nxc5 13. g4 Bf6 14. Nb3 Ne4 15.
Qe1 Qc7 16. gxf5 exf5 17. Nbd4 Ng3 18. Rg1 a6 19. Qb4 Re8 20. Rge1 b5 21. Nb3
Ne4 22. Bxe4 dxe4 23. Nfd4 Be7 24. Qd2 Qc4 25. Kb1 a5 26. Qe2 Qxe2 27. Nxe2 Rd8
28. Nf4 Kf7 29. Nd4 Bd7 30. Rf1 g6 31. g3 Ra6 32. h4 Rd6 33. Rf2 Bf6 34. Rfd2
Bc8 35. c3 Ba6 36. Kc2 b4 37. cxb4 axb4 38. Nb3 Rxd2+ 39. Rxd2 Rxd2+ 40. Nxd2
Be7 41. Nb3 h6 42. Nd4 g5 43. hxg5 hxg5 44. Nfe2 Kg6 45. Kd2 Bc4 46. b3 Bd3 47.
Ke1 Bc5 48. Kd2 Kf6 49. g4 fxg4 50. Ng3 Bd6 51. Nde2 Bxe2 52. Nxe2 g3 53. Ke1
Kf5 54. Kf1 Kg4 55. Kg2 Bf4 0-1

[Event "Reykjavik Open 2018"]
[Site "Reykjavik ISL"]
[Date "2018.03.12"]
[Round "7.7"]
[White "Haria, Ravi"]
[Black "Cornette, Matthieu"]
[Result "1/2-1/2"]
[WhiteTitle "IM"]
[BlackTitle "GM"]
[WhiteElo "2424"]
[BlackElo "2620"]
[WhiteFideId "415820"]
[BlackFideId "620084"]
[EventDate "2018.03.06"]

1. e4 e5 2. Nf3 Nc6 3. Bc4 Nf6 4. d3 Bc5 5. c3 a6 6. a4 d6 7. O-O Ba7 8. Na3 h6
9. Nc2 O-O 10. Be3 Bb8 11. h3 Ne7 12. Re1 c6 13. Ba2 Ng6 14. Qe2 Nh5 15. g3 d5
16. Nh2 Nf6 17. h4 dxe4 18. dxe4 Nxe4 19. Rad1 Qf6 20. Bb6 Nd6 21. Ne3 e4 22.
Qh5 Ne5 23. Bd4 Re8 24. Nhg4 Qg6 25. Qxg6 Nxg6 26. Bc5 Nf5 27. Nxf5 Bxf5 28. Ne3
Bc8 29. Nc4 Bg4 30. Rd4 Bf5 31. Nb6 Ba7 32. Bb1 Ne5 33. Re3 Bxb6 34. Bxb6 Ng4
35. Re1 e3 36. f3 Bxb1 37. Rxg4 e2 38. Kf2 Bd3 39. Rd4 Bf5 40. Rxe2 Rxe2+ 1/2-1/2

[Event "Reykjavik Open 2018"]
[Site "Reykjavik ISL"]
[Date "2018.03.12"]
[Round "7.8"]
[White "Praggnanandhaa, R"]
[Black "Landa, Konstantin"]
[Result "1/2-1/2"]
[WhiteTitle "IM"]
[BlackTitle "GM"]
[WhiteElo "2507"]
[BlackElo "2613"]
[WhiteFideId "25059530"]
[BlackFideId "4101685"]
[EventDate "2018.03.06"]

1. e4 e5 2. Nf3 Nf6 3. Nxe5 d6 4. Nf3 Nxe4 5. d4 d5 6. Bd3 Bf5 7. O-O Be7 8. Re1
O-O 9. Nbd2 Nd6 10. Bxf5 Nxf5 11. Nf1 c6 12. Qd3 g6 13. Ng3 Nd6 14. Bf4 Nd7 15.
Re2 Re8 16. Rae1 Bf8 17. Ne5 Nxe5 18. Bxe5 f6 19. Bf4 Qd7 20. c3 Rxe2 21. Rxe2
Re8 22. Rxe8 Qxe8 23. Qe2 Qxe2 24. Nxe2 Kf7 25. f3 h5 26. Kf2 g5 27. Bxd6 Bxd6
28. g3 Ke6 29. h3 c5 30. g4 h4 31. Ke3 c4 1/2-1/2

[Event "Reykjavik Open 2018"]
[Site "Reykjavik ISL"]
[Date "2018.03.12"]
[Round "7.9"]
[White "Cornette, Deimante"]
[Black "Can, Emre"]
[Result "1/2-1/2"]
[WhiteTitle "IM"]
[BlackTitle "GM"]
[WhiteElo "2447"]
[BlackElo "2603"]
[WhiteFideId "12802859"]
[BlackFideId "6302181"]
[EventDate "2018.03.06"]

1. e4 c5 2. Nf3 d6 3. d4 cxd4 4. Nxd4 Nf6 5. Nc3 Nc6 6. f3 e5 7. Nb3 Be6 8. Be3
Be7 9. Qd2 d5 10. exd5 Nxd5 11. Nxd5 Qxd5 12. Qxd5 Bxd5 13. O-O-O O-O-O 14. Bb5
Kc7 15. Rhe1 Bh4 16. Rf1 b6 17. Rd2 f5 18. Rfd1 Be6 19. Rxd8 Rxd8 20. Rxd8 Bxd8
21. a4 g5 22. a5 bxa5 23. Nc5 Bc8 24. Na6+ Kb7 25. Nc5+ Kc7 26. Na6+ Kb7 27.
Nc5+ Kb6 28. Bc4 f4 29. Bf2 Kc7 30. Ne6+ Bxe6 31. Bxe6 Kd6 32. Bf5 h6 33. Be4
Bb6 34. Be1 Nd8 35. Kd2 Ne6 36. Ke2 Nc5 37. Bg6 Na4 38. b3 Nc5 39. Bc3 Ke6 40.
Be8 Kf5 41. Bc6 Ke6 42. Be8 Bc7 43. Be1 Ke7 44. Bc6 Kd6 45. Be8 Bb6 46. Bc3 Ke6
47. Bc6 Kf5 48. Be8 Bc7 49. h3 Bb6 50. Bc6 Ke6 51. Be8 1/2-1/2

[Event "Reykjavik Open 2018"]
[Site "Reykjavik ISL"]
[Date "2018.03.12"]
[Round "7.10"]
[White "Vaibhav, Suri"]
[Black "Bick, Gabriel"]
[Result "1-0"]
[WhiteTitle "GM"]
[WhiteElo "2544"]
[BlackElo "2416"]
[WhiteFideId "5045185"]
[BlackFideId "2084058"]
[EventDate "2018.03.06"]

1. d4 Nf6 2. c4 g6 3. g3 Bg7 4. Bg2 O-O 5. Nc3 d6 6. Nf3 c6 7. O-O Bf5 8. Ne1
Be6 9. b3 d5 10. cxd5 cxd5 11. Nd3 Nc6 12. e3 Qc8 13. Bb2 Bh3 14. Rc1 Bxg2 15.
Kxg2 Qf5 16. Qe2 Rfd8 17. Na4 Rac8 18. Rc2 b6 19. Rfc1 Nb8 20. Ba3 Rxc2 21. Qxc2
Ne8 22. Nc3 Qd7 23. Ne2 Qb7 24. h4 e6 25. Nef4 Bf8 26. Bxf8 Kxf8 27. Ne5 Nd7 28.
Nf3 Ndf6 29. h5 Nd6 30. hxg6 hxg6 31. Rh1 Rc8 32. Qb1 Kg7 33. Ne5 Nf5 34. g4 Ne7
35. Qg1 Rg8 36. g5 Ne4 37. Rh7+ 1-0

[Event "Reykjavik Open 2018"]
[Site "Reykjavik ISL"]
[Date "2018.03.12"]
[Round "7.11"]
[White "Antal, Tibor Kende"]
[Black "Brunello, Sabino"]
[Result "1-0"]
[WhiteTitle "FM"]
[BlackTitle "GM"]
[WhiteElo "2419"]
[BlackElo "2542"]
[WhiteFideId "738581"]
[BlackFideId "813613"]
[EventDate "2018.03.06"]

1. e4 c5 2. Nf3 d6 3. Bb5+ Nd7 4. O-O a6 5. Bxd7+ Bxd7 6. d4 cxd4 7. Qxd4 e5 8.
Qd3 Rc8 9. c4 h6 10. Nc3 Nf6 11. a4 Be7 12. b3 O-O 13. Ba3 Be6 14. Rfd1 Qb6 15.
a5 Qxb3 16. Nd2 Qxd1+ 17. Rxd1 Rc7 18. Na4 Rd8 19. Nb6 Nd7 20. Nd5 Bxd5 21. Qxd5
Nc5 22. Rb1 Rdd7 23. Nf1 Ne6 24. Ne3 Nd4 25. Rb6 Rc6 26. Nf5 1-0

[Event "Reykjavik Open 2018"]
[Site "Reykjavik ISL"]
[Date "2018.03.12"]
[Round "7.12"]
[White "Adly, Ahmed"]
[Black "Thavandiran, Shiyam"]
[Result "1/2-1/2"]
[WhiteTitle "GM"]
[BlackTitle "IM"]
[WhiteElo "2643"]
[BlackElo "2399"]
[WhiteFideId "10601619"]
[BlackFideId "2605058"]
[EventDate "2018.03.06"]

1. Nf3 Nf6 2. g3 g6 3. Bg2 Bg7 4. d4 O-O 5. c4 d6 6. O-O Nbd7 7. Nc3 e5 8. e4 c6
9. h3 Re8 10. Be3 exd4 11. Nxd4 Nc5 12. Qc2 a5 13. Rad1 Nfd7 14. Nb3 Qe7 15.
Rfe1 Nxb3 16. axb3 Nc5 17. f4 Bd7 18. Bf2 Rad8 19. Na4 Nxa4 20. bxa4 c5 21. b3
Bc6 22. h4 b6 23. h5 Qb7 24. Re2 Rd7 25. Be1 gxh5 26. Bc3 f5 27. Bxg7 Rxg7 28.
Rxd6 Bxe4 29. Bxe4 fxe4 30. Re3 h4 31. Rd5 Qf7 32. Rxe4 Rxg3+ 33. Kh2 Rf8 34.
Qe2 Qf6 35. Rd3 Rg7 36. Rde3 Kh8 37. Qf2 Rg4 38. f5 Qd6+ 39. Kh3 Rxe4 40. Rxe4
Qd3+ 41. Re3 Qxf5+ 42. Qxf5 Rxf5 43. Kxh4 Kg7 44. Kg4 Kf6 45. Re8 h5+ 46. Kh4
Re5 47. Rf8+ Ke7 48. Rb8 Re6 49. Kxh5 Kd7 50. Kg4 Kc7 51. Rf8 Re3 52. Rf3 Re4+
53. Kf5 Re8 54. Rg3 Re1 55. Rg7+ Kc6 56. Rg6+ Kc7 57. Rg3 Kc6 58. Kf4 Re8 59.
Re3 Rf8+ 60. Ke4 Re8+ 61. Kf3 Rf8+ 62. Ke2 Rh8 63. Re6+ Kc7 64. Kd3 Rh3+ 65. Re3
Rh4 66. Re7+ Kc6 67. Re6+ Kc7 68. Re3 Kc6 69. Rg3 Kc7 70. Ke3 Kc6 71. Rg6+ Kc7
72. Rg7+ Kc6 73. Rg6+ Kc7 74. Rg7+ Kc6 75. Rg6+ 1/2-1/2